| 000 | 01049nam a2200277Ia 4500 | ||
|---|---|---|---|
| 003 | OSt | ||
| 005 | 20221005110832.0 | ||
| 006 | a|||||r|||| 00| 0 | ||
| 007 | ta | ||
| 008 | 221004b |||||||| |||| 00| 0 hin d | ||
| 020 |
_a9789387462601 (hbk) _cINR 295.00 |
||
| 024 | _a42105 | ||
| 037 |
_bBR/7268, 16/02/2019, Rajkamal Prakashan Pvt. Ltd. _cTextual |
||
| 040 |
_aCRL _cCRL _bhin |
||
| 041 |
_2hin _ahin |
||
| 082 | _aO152,3N27x, Q8 | ||
| 100 | _aकुॅंवर नारायण, ले. | ||
| 245 | 0 | _aबेचैन पत्तों का कोरस | |
| 246 | _aBechain pattoan kā korasa | ||
| 260 |
_aनई दिल्ली _bराजकमल प्रकाशन भारत _c2018 |
||
| 300 |
_a151पृ0 _ccm. |
||
| 650 | _a हिन्दी साहित्य | ||
| 650 | _aहिन्दी कहानी | ||
| 942 |
_hO152,3N27x, Q8 _cTEXL _2cc |
||
| 999 |
_c1020014 _d1020014 |
||